[Event "Olimpiade 2024 - Donne"]
[Site "Budapest"]
[Date "20.09.2024"]
[Round "9.45"]
[Board "3"]
[White "Junior, Ednasia"]
[Black "Reifer-Belle, Chanon"]
[Result "1-0"]
[WhiteTitle "WFM"]
[BlackTitle "WCM"]
[WhiteElo "1888"]
[BlackElo "1736"]
[WhiteTeam "Angola"]
[BlackTeam "Barbados"]
[WhiteFideId "10105980"]
[BlackFideId "11105186"]
[EventDate "2024.09.11"]

1. e4 e5 2. Nf3 Nc6 3. Bc4 Bc5 4. c3 Nf6 5. d4 exd4 6. O-O d5 7. exd5 Nxd5 8.
cxd4 Be7 9. Bxd5 Qxd5 10. Nc3 Qd8 11. d5 Nb8 12. Bf4 a6 13. Rc1 O-O 14. Ne4 c6
15. Bxb8 Rxb8 16. d6 Bf6 17. Nxf6+ gxf6 18. Qd4 Be6 19. Rc5 Bd5 20. Nh4 Re8 21.
Nf5 Re4 22. Qd3 Kh8 23. Qg3 Qg8 24. Qxg8+ Rxg8 25. Ne7 Rd8 26. Nxd5 cxd5 27.
Rxd5 Re2 28. Rb1 Kg8 29. Kf1 Re5 30. Rbd1 Kf8 31. R5d4 Rh5 32. h3 Rb5 33. b3 Rb6
34. Ke2 Ke8 35. Kf3 Kd7 36. Re1 Rxd6 37. Rxd6+ Kxd6 38. Rd1+ Ke7 39. Rxd8 Kxd8
40. Ke4 Kd7 41. Kf5 Ke7 42. f4 b6 43. a4 b5 44. axb5 axb5 45. b4 h6 46. g4 Kf8
47. Kxf6 Kg8 48. h4 Kf8 49. h5 Kg8 50. g5 hxg5 51. fxg5 1-0

[Event "Olimpiade 2024 - Donne"]
[Site "Budapest"]
[Date "20.09.2024"]
[Round "9.45"]
[Board "4"]
[White "Springer, Leshay"]
[Black "Pires, Luzia"]
[Result "0-1"]
[BlackTitle "WFM"]
[WhiteElo "1425"]
[BlackElo "1877"]
[WhiteTeam "Barbados"]
[BlackTeam "Angola"]
[WhiteFideId "11105690"]
[BlackFideId "10101012"]
[EventDate "2024.09.11"]

1. d4 f5 2. Nf3 Nf6 3. Bf4 e6 4. e3 b6 5. Bd3 Bb7 6. Nbd2 Be7 7. Qe2 O-O 8. O-O
Nh5 9. Be5 d6 10. Bf4 c5 11. c3 Nc6 12. Bc4 d5 13. Bd3 Qe8 14. Rac1 Kh8 15. Rfd1
Rg8 16. Bg5 Bxg5 17. Nxg5 g6 18. Ngf3 e5 19. dxe5 Nxe5 20. Nxe5 Qxe5 21. Nf3 Qe7
22. Bc2 f4 23. Re1 Rge8 24. Ba4 Rec8 25. exf4 Qxe2 26. Rxe2 Nxf4 27. Re7 Bc6 28.
Bxc6 Rxc6 29. Rce1 Nd3 30. R1e2 h6 31. Rd2 Nf4 32. Ne5 Re6 33. Rxe6 Nxe6 34.
Nxg6+ Kg7 35. Ne7 d4 36. cxd4 Nxd4 37. h3 Re8 38. Nd5 Rd8 39. Nc3 Nf3+ 40. gxf3
Rxd2 41. Nb5 Rxb2 42. Nxa7 c4 43. Kf1 c3 44. Ke1 Rb1+ 45. Ke2 c2 0-1

[Event "Olimpiade 2024 - Donne"]
[Site "Budapest"]
[Date "20.09.2024"]
[Round "9.46"]
[Board "1"]
[White "Miladi, Amen"]
[Black "Cordero, Daniela"]
[Result "1-0"]
[WhiteTitle "WFM"]
[BlackTitle "WIM"]
[WhiteElo "1851"]
[BlackElo "2017"]
[WhiteTeam "Tunisia"]
[BlackTeam "Bolivia"]
[WhiteFideId "5503779"]
[BlackFideId "3301630"]
[EventDate "2024.09.11"]

1. e4 e6 2. d4 d5 3. Nd2 c5 4. exd5 Qxd5 5. Ngf3 cxd4 6. Bc4 Qd6 7. O-O Nf6 8.
Nb3 Be7 9. Nbxd4 O-O 10. Qe2 a6 11. Bg5 b5 12. Bd3 Bb7 13. a4 b4 14. Rad1 Nc6
15. Bc4 Nxd4 16. Nxd4 Qc5 17. Bh4 Rfc8 18. Bb3 Kh8 19. Rfe1 Nd5 20. Bxe7 Qxe7
21. Qg4 Qf6 22. Nf3 a5 23. Qd4 Qf5 24. Re5 Qf6 25. Re4 Rd8 26. Qe5 Rd7 27. Red4
Rad8 28. Qg3 h6 29. Ne5 Rd6 30. R1d3 Nf4 31. Qxf4 Rxd4 32. Qxf6 gxf6 33. Nxf7+
Kg7 34. Nxd8 1-0

[Event "Olimpiade 2024 - Donne"]
[Site "Budapest"]
[Date "20.09.2024"]
[Round "9.46"]
[Board "2"]
[White "Yepez Montenegro, Gloria Luz"]
[Black "Mefteh, Meyssem"]
[Result "1/2-1/2"]
[BlackTitle "WCM"]
[WhiteElo "1818"]
[BlackElo "1834"]
[WhiteTeam "Bolivia"]
[BlackTeam "Tunisia"]
[WhiteFideId "3318001"]
[BlackFideId "5517737"]
[EventDate "2024.09.11"]

1. d4 d5 2. c4 e6 3. Nc3 c6 4. Nf3 dxc4 5. a4 Bb4 6. Ne5 b5 7. e3 Nf6 8. Bd2 a5
9. Qf3 Bxc3 10. Bxc3 Qd5 11. axb5 cxb5 12. Ra2 a4 13. Rxa4 Ra6 14. Ra5 Rxa5 15.
Bxa5 Qd6 16. Be2 Qa6 17. Bc3 Bb7 18. Qg3 Qa1+ 19. Bd1 O-O 20. O-O Ne4 21. Qf4
Nxc3 22. bxc3 Qxc3 23. Bh5 g6 24. Qh6 Qc2 25. Bd1 Qf5 26. Bg4 Qf6 27. Rb1 Ba6
28. Rc1 Rd8 29. Bf3 Nd7 30. Ng4 Qg7 31. Qf4 Rc8 32. Nh6+ Kh8 33. Nxf7+ Kg8 34.
Ng5 Rf8 35. Qd6 Bc8 36. Qxe6+ Kh8 37. Qc6 Qf6 38. Qd5 Bb7 39. Qxb7 Qxg5 40. Qxd7
Rxf3 41. h4 Qf5 42. Qe8+ Qf8 43. Qe5+ Rf6 44. Rb1 b4 45. g4 Kg8 46. Qd5+ 1/2-1/2

[Event "Olimpiade 2024 - Donne"]
[Site "Budapest"]
[Date "20.09.2024"]
[Round "9.46"]
[Board "3"]
[White "Ben Amor, Meriem"]
[Black "Gareca Ordonez, Carla Angelica"]
[Result "0-1"]
[WhiteElo "1733"]
[BlackElo "1778"]
[WhiteTeam "Tunisia"]
[BlackTeam "Bolivia"]
[WhiteFideId "5508509"]
[BlackFideId "3332187"]
[EventDate "2024.09.11"]

1. e4 g6 2. d4 c5 3. Nf3 Bg7 4. Nc3 cxd4 5. Nxd4 Nc6 6. Be3 Nf6 7. Bc4 d6 8. f3
a6 9. Bb3 Bd7 10. Qd2 O-O 11. h4 Rc8 12. O-O-O Ne5 13. Bg5 Nc4 14. Qe2 b5 15.
Qe1 h6 16. Bxc4 bxc4 17. Be3 Rb8 18. e5 Ne8 19. exd6 Nxd6 20. g4 Qb6 21. b3 cxb3
22. axb3 Qb4 23. Nb1 Qb7 24. Qf1 Rfc8 25. Qd3 Nc4 26. Bf2 e5 27. Ne2 e4 28. Qxc4
Rxc4 29. bxc4 Qxb1+ 30. Kd2 Qb4+ 31. Kc1 Bb2+ 0-1

[Event "Olimpiade 2024 - Donne"]
[Site "Budapest"]
[Date "20.09.2024"]
[Round "9.46"]
[Board "4"]
[White "Molina, Jessica"]
[Black "Hasnaoui, Abrar"]
[Result "1-0"]
[WhiteTitle "WFM"]
[WhiteElo "1945"]
[BlackElo "1595"]
[WhiteTeam "Bolivia"]
[BlackTeam "Tunisia"]
[WhiteFideId "3303888"]
[BlackFideId "5517362"]
[EventDate "2024.09.11"]

1. d4 d5 2. Nf3 Nf6 3. Bf4 e6 4. e3 Bd6 5. Bg3 O-O 6. Bd3 b6 7. Nbd2 Bb7 8. Ne5
Nbd7 9. Qf3 c5 10. c3 c4 11. Nxd7 Qxd7 12. Bxd6 Qxd6 13. Bxc4 Qc6 14. Bd3 Ne4
15. Bxe4 dxe4 16. Qe2 a5 17. Qc4 Qd7 18. Qb3 b5 19. a4 bxa4 20. Qxa4 Bc6 21. Qc2
Qb7 22. O-O Rfc8 23. Nc4 Qa6 24. Nxa5 Bb5 25. Rfc1 Bd3 26. Qd2 Qb6 27. b4 Ra6
28. Nb3 Rca8 29. Rxa6 Qxa6 30. h3 Qc4 31. Na5 Qb5 32. c4 Qa4 33. Nb7 Qc6 34. Nc5
Ra3 35. b5 Qa8 36. b6 Qc6 37. b7 Qb6 38. Qe1 Ra2 39. Ra1 Bxc4 40. Rxa2 Bxa2 41.
Qa5 Qb1+ 42. Kh2 1-0

[Event "Olimpiade 2024 - Donne"]
[Site "Budapest"]
[Date "20.09.2024"]
[Round "9.47"]
[Board "1"]
[White "Ortez, Andrea"]
[Black "Nihaya, Ahmed"]
[Result "1/2-1/2"]
[WhiteTitle "WIM"]
[WhiteElo "1948"]
[BlackElo "1589"]
[WhiteTeam "El Salvador"]
[BlackTeam "Maldives"]
[WhiteFideId "6702392"]
[BlackFideId "16700414"]
[EventDate "2024.09.11"]

1. e4 e5 2. Nf3 Nc6 3. Bb5 a6 4. Ba4 Nf6 5. Qe2 Bd6 6. O-O O-O 7. d3 h6 8. c3
Re8 9. Nbd2 b5 10. Bb3 Bf8 11. Rd1 d5 12. exd5 Nxd5 13. Qe4 Be6 14. Nf1 Qd7 15.
Nxe5 Nxe5 16. Qxe5 Bd6 17. Qd4 c5 18. Qh4 Be7 19. Qe4 Bd6 20. Bxd5 Bxd5 21. Qh4
Re6 22. Ne3 Bb7 23. d4 Re4 24. Qh5 Rae8 25. f3 g6 26. Qh3 Qxh3 27. gxh3 Rxe3 28.
Bxe3 Rxe3 29. Rf1 cxd4 30. cxd4 Bf4 31. Kg2 Bd5 32. b3 Rd3 33. Rad1 Bxf3+ 34.
Rxf3 Rxd1 35. Rxf4 Rd2+ 36. Kf3 Rxa2 37. Rf6 Rxh2 38. d5 Rd2 39. Ke4 a5 40. Ra6
a4 41. bxa4 bxa4 42. Rxa4 Re2+ 43. Kd4 f5 44. Kc5 Kf7 45. Kc6 Rc2+ 46. Kd7 g5
47. d6 Rb2 48. Kd8 Rd2 49. d7 f4 50. Ra5 Ke6 51. Ra6+ Kf7 52. Rxh6 f3 53. Rc6 f2
54. Rc1 Ke6 55. Rc6+ Kf7 56. Rc1 Ke6 1/2-1/2

[Event "Olimpiade 2024 - Donne"]
[Site "Budapest"]
[Date "20.09.2024"]
[Round "9.47"]
[Board "3"]
[White "Zavala Galindo, Alejandra Beatriz"]
[Black "Aishath Iva Hassan"]
[Result "1-0"]
[WhiteTitle "WCM"]
[WhiteElo "1870"]
[BlackElo "1422"]
[WhiteTeam "El Salvador"]
[BlackTeam "Maldives"]
[WhiteFideId "6703089"]
[BlackFideId "16701127"]
[EventDate "2024.09.11"]

1. Nf3 d5 2. g3 g6 3. Bg2 Bg7 4. d3 e5 5. O-O Ne7 6. e4 d4 7. a4 a5 8. Na3 c5 9.
Nc4 Nbc6 10. Ne1 O-O 11. f4 f5 12. Nf3 Qc7 13. Nfxe5 Nxe5 14. Nxe5 Bxe5 15. fxe5
Qxe5 16. Bf4 Qf6 17. Qd2 Qb6 18. b3 Bd7 19. Rae1 Bc6 20. Bd6 Rf7 21. Bxe7 Rxe7
22. exf5 Rxe1 23. Rxe1 Bxg2 24. Qxg2 gxf5 25. Qd5+ Kh8 26. Qxf5 Qd6 27. Re6 Qd7
28. Qe5+ Kg8 29. Qg5+ Kf8 30. Rf6+ Ke8 31. Qg8+ Ke7 32. Qg7+ Ke8 33. Qf8# 1-0

[Event "Olimpiade 2024 - Donne"]
[Site "Budapest"]
[Date "20.09.2024"]
[Round "9.47"]
[Board "4"]
[White "Aini Munthazim"]
[Black "Barahona, Dalila Yamileth"]
[Result "0-1"]
[WhiteElo "1536"]
[BlackElo "1833"]
[WhiteTeam "Maldives"]
[BlackTeam "El Salvador"]
[WhiteFideId "16702565"]
[BlackFideId "6705740"]
[EventDate "2024.09.11"]

1. e4 c5 2. Nf3 g6 3. c4 Bg7 4. d4 cxd4 5. Nxd4 Nc6 6. Be3 Nf6 7. Nc3 d6 8. Be2
O-O 9. Nc2 Be6 10. O-O Rc8 11. c5 dxc5 12. Bxc5 b6 13. Be3 Qc7 14. f4 Na5 15.
Bd4 Rfd8 16. Rc1 Nxe4 17. Nxe4 Bxd4+ 18. Nxd4 Qxc1 19. Qxc1 Rxc1 20. Rxc1 Rxd4
21. Ng5 Bc4 22. Bxc4 Nxc4 23. b3 Nd2 24. g3 h6 25. Nh3 Rd7 26. Nf2 Nf3+ 27. Kg2
Nd4 28. Rd1 Kf8 29. g4 Ke8 30. h4 Ne2 31. Kf3 Nc3 32. Rxd7 Kxd7 33. a3 Nb1 34.
Nd3 Ke6 35. Ne5 Nxa3 36. Ke4 f5+ 37. gxf5+ gxf5+ 38. Kd4 Nc2+ 39. Kc4 a6 40. h5
Ne3+ 41. Kd4 Ng4 42. Nc4 b5 43. Na5 Nf6 44. Nb7 Nxh5 45. Nc5+ Kd6 46. Nxa6 Nxf4
47. Ke3 e5 48. Kf3 Nd5 0-1

[Event "Olimpiade 2024 - Donne"]
[Site "Budapest"]
[Date "20.09.2024"]
[Round "9.48"]
[Board "1"]
[White "Bouzana, Christina"]
[Black "Diaz Cesar, Wilsaida Pieranlly"]
[Result "0-1"]
[BlackTitle "WFM"]
[WhiteElo "1644"]
[BlackElo "1900"]
[WhiteTeam "Cyprus"]
[BlackTeam "Dominican Republic"]
[WhiteFideId "5905508"]
[BlackFideId "6403557"]
[EventDate "2024.09.11"]

1. d4 Nf6 2. c4 e5 3. dxe5 Ng4 4. Nf3 Bc5 5. e3 Nc6 6. Nc3 O-O 7. Be2 Re8 8. O-O
Ngxe5 9. a3 a5 10. b3 Nxf3+ 11. Bxf3 Ne5 12. Be4 Ra6 13. Bb2 Rh6 14. h3 Qh4 15.
Qc2 d6 16. Bf5 Nf3+ 17. Kh1 Bxf5 18. Qxf5 Ng5 19. Kh2 Ree6 20. Nd5 c6 21. Nf4 g6
22. Qd3 Ne4 23. Nxe6 fxe6 24. Qe2 e5 25. Qf3 g5 26. Qf5 g4 27. Qc8+ Kg7 28. Qd7+
Kg6 29. Qe8+ Kg5 30. Qg8+ Rg6 31. Qd8+ Nf6 32. f4+ Kh5 33. fxe5 gxh3 34. Rf5+
Rg5 35. Qxf6 hxg2+ 36. Kg1 Bxe3+ 0-1

[Event "Olimpiade 2024 - Donne"]
[Site "Budapest"]
[Date "20.09.2024"]
[Round "9.48"]
[Board "2"]
[White "Gonzalez Peguero, Mary Loly"]
[Black "Sokolova, Larisa"]
[Result "1-0"]
[WhiteElo "1889"]
[BlackElo "1705"]
[WhiteTeam "Dominican Republic"]
[BlackTeam "Cyprus"]
[WhiteFideId "6421482"]
[BlackFideId "5904919"]
[EventDate "2024.09.11"]

1. Nf3 c5 2. g3 Nf6 3. Bg2 d5 4. d3 Nc6 5. Nbd2 e6 6. e4 dxe4 7. dxe4 e5 8. O-O
Be7 9. c3 O-O 10. Qc2 Qc7 11. a4 b6 12. Re1 Be6 13. Nh4 Rfd8 14. Nf5 Bf8 15. Nf1
g6 16. Bg5 gxf5 17. Bxf6 Rd7 18. exf5 Bd5 19. Bxd5 Rxd5 20. Qe4 Ne7 21. Bxe7
Qxe7 22. Qxd5 Rd8 23. Qxe5 Qg5 24. Rad1 Rxd1 25. Rxd1 Bg7 26. Qb8+ Bf8 27. Rd8 1-0

[Event "Olimpiade 2024 - Donne"]
[Site "Budapest"]
[Date "20.09.2024"]
[Round "9.48"]
[Board "3"]
[White "Paunescu, Aida"]
[Black "Almanzar Vasquez, Jeniffer Maria"]
[Result "0-1"]
[BlackTitle "WCM"]
[WhiteElo "1603"]
[BlackElo "1876"]
[WhiteTeam "Cyprus"]
[BlackTeam "Dominican Republic"]
[WhiteFideId "5908647"]
[BlackFideId "6406505"]
[EventDate "2024.09.11"]

1. g4 d5 2. Bg2 Nc6 3. g5 e5 4. d3 h6 5. g6 fxg6 6. e4 d4 7. Nf3 Be6 8. Nbd2 Bd6
9. Nb3 a5 10. Bd2 g5 11. h4 g4 12. Ng1 h5 13. Bg5 Be7 14. Qd2 Bxg5 15. hxg5 Qe7
16. f4 a4 17. Nc1 exf4 18. g6 Qf6 19. Qf2 Nge7 20. Nce2 f3 21. Bxf3 gxf3 22.
Nxf3 Rf8 23. Rf1 Bh3 24. O-O-O Bxf1 25. Rxf1 Nxg6 26. Qh2 Nf4 27. Nd2 Nxe2+ 28.
Qxe2 Qg5 29. Rxf8+ Kxf8 30. Qf2+ Ke7 0-1

[Event "Olimpiade 2024 - Donne"]
[Site "Budapest"]
[Date "20.09.2024"]
[Round "9.48"]
[Board "4"]
[White "Ramirez Luzon, Franchesca"]
[Black "Pica, Eleni"]
[Result "1-0"]
[WhiteTitle "WCM"]
[WhiteElo "1820"]
[BlackElo "1609"]
[WhiteTeam "Dominican Republic"]
[BlackTeam "Cyprus"]
[WhiteFideId "6421792"]
[BlackFideId "5910005"]
[EventDate "2024.09.11"]

1. d4 Nf6 2. Bf4 d5 3. e3 e6 4. Nd2 Bd6 5. Bxd6 Qxd6 6. f4 O-O 7. Bd3 b6 8. Qe2
c5 9. c3 Nc6 10. Ngf3 c4 11. Bc2 b5 12. g4 g6 13. h4 Nxg4 14. h5 Nf6 15. Qg2 Kg7
16. Ne5 Ne7 17. Ke2 Rg8 18. hxg6 hxg6 19. Qg5 1-0

[Event "Olimpiade 2024 - Donne"]
[Site "Budapest"]
[Date "20.09.2024"]
[Round "9.49"]
[Board "1"]
[White "Sagastegui, Thamara"]
[Black "Rouda Essa, Alserkal"]
[Result "0-1"]
[BlackTitle "WCM"]
[WhiteElo "1544"]
[BlackElo "2036"]
[WhiteTeam "Aruba"]
[BlackTeam "United Arab Emirates"]
[WhiteFideId "15900770"]
[BlackFideId "9314318"]
[EventDate "2024.09.11"]

1. e4 c5 2. c3 d5 3. exd5 Qxd5 4. d4 g6 5. Nf3 Bg7 6. Na3 cxd4 7. Nb5 Na6 8.
Nbxd4 Nf6 9. Be2 O-O 10. Nb3 Qc6 11. O-O Qc7 12. Be3 e5 13. h3 Be6 14. Qc1 Rfd8
15. Bh6 Bh8 16. Bg5 Rd7 17. Be3 Ne4 18. Ng5 Nxg5 19. Bxg5 f5 20. Bd2 f4 21. Rd1
Rf8 22. Bf3 Qc8 23. Be1 Re7 24. Bd5 Bxd5 25. Rxd5 f3 26. Qe3 fxg2 27. Kxg2 Qc6
28. Qd3 Nc7 29. c4 Nxd5 30. cxd5 Qb6 31. d6 Qc6+ 32. Kh2 Ref7 33. Qe3 Qxd6 34.
Qg3 Rf3 35. Qg2 e4+ 36. Kg1 Bxb2 37. Rb1 Bd4 38. Nxd4 Qxd4 39. Rc1 e3 40. Rc2
Qd1 41. Qf1 Qxc2 42. Qb5 exf2+ 0-1

[Event "Olimpiade 2024 - Donne"]
[Site "Budapest"]
[Date "20.09.2024"]
[Round "9.49"]
[Board "2"]
[White "Al Maamari, Wafia Darwish"]
[Black "Jacobs, Annelaine"]
[Result "1-0"]
[WhiteTitle "WFM"]
[BlackTitle "WCM"]
[WhiteElo "1908"]
[BlackElo "1763"]
[WhiteTeam "United Arab Emirates"]
[BlackTeam "Aruba"]
[WhiteFideId "9305734"]
[BlackFideId "15900177"]
[EventDate "2024.09.11"]

1. Nf3 d6 2. d4 Nf6 3. b3 g6 4. Bb2 Bg7 5. g3 O-O 6. Bg2 Nc6 7. O-O Nd7 8. c4 e5
9. dxe5 Ndxe5 10. Nxe5 Nxe5 11. Nc3 Rb8 12. Qd2 Be6 13. Rad1 a6 14. e4 Qc8 15.
f4 Ng4 16. f5 Bh6 17. Rf4 Bxf4 18. Qxf4 Ne5 19. fxe6 fxe6 20. Qh6 Rf7 21. Bh3
Qe8 22. Ne2 Nf3+ 23. Kg2 Qe7 24. Nf4 Ng5 25. Bg4 Rbf8 26. Nxg6 hxg6 27. Qxg6+
Rg7 28. Bxg7 Qxg7 29. Bxe6+ Nxe6 30. Qxe6+ Kh7 31. Rd5 Qb2+ 32. Kh3 Rf6 33. Rh5+
Kg6 34. Qg4+ Kf7 35. Rh7+ 1-0

[Event "Olimpiade 2024 - Donne"]
[Site "Budapest"]
[Date "20.09.2024"]
[Round "9.49"]
[Board "3"]
[White "Moreno Mora, Milaydes Lourdes"]
[Black "Mariam, Essa"]
[Result "0-1"]
[WhiteElo "1694"]
[BlackElo "1779"]
[WhiteTeam "Aruba"]
[BlackTeam "United Arab Emirates"]
[WhiteFideId "3910512"]
[BlackFideId "9306480"]
[EventDate "2024.09.11"]

1. e4 c5 2. Nc3 e6 3. f4 d5 4. exd5 exd5 5. Nf3 d4 6. Bb5+ Bd7 7. Qe2+ Be7 8.
Ne4 Qb6 9. Bc4 Nh6 10. O-O O-O 11. Ne5 Be6 12. d3 f6 13. Bxe6+ Qxe6 14. Nf3 Nc6
15. Ng3 Qxe2 16. Nxe2 Nb4 17. c3 dxc3 18. Nxc3 Nxd3 19. Rd1 c4 20. b3 Bc5+ 21.
Kf1 Nxc1 22. Raxc1 Be3 23. Rc2 cxb3 24. axb3 Bxf4 25. g3 Ng4 26. Nd5 Bd6 27. Rd4
Ne5 28. Nd2 Rad8 29. Kg2 b6 30. Ne4 Bb8 31. Rcd2 Rde8 32. h3 Nc6 33. Rc4 Na5 34.
Rb4 f5 35. Ng5 Bd6 36. Rb5 f4 37. Nxf4 Bxf4 38. gxf4 Rxf4 39. Rd7 h6 40. Nf3 Nc6
41. Rd6 Re3 42. Ng5 Rf6 43. Rxf6 gxf6 44. Nf3 Rxf3 0-1

[Event "Olimpiade 2024 - Donne"]
[Site "Budapest"]
[Date "20.09.2024"]
[Round "9.49"]
[Board "4"]
[White "Almaamari, Zainab Darwish"]
[Black "Cabral, Sylvi"]
[Result "1-0"]
[WhiteTitle "WCM"]
[WhiteElo "1661"]
[BlackElo "1471"]
[WhiteTeam "United Arab Emirates"]
[BlackTeam "Aruba"]
[WhiteFideId "9309381"]
[BlackFideId "15900924"]
[EventDate "2024.09.11"]

1. e4 c5 2. Nf3 g6 3. Bc4 Nc6 4. c3 Nf6 5. e5 Ng4 6. Bxf7+ Kxf7 7. Ng5+ Ke8 8.
Qxg4 Nxe5 9. Qg3 Bg7 10. O-O d6 11. d4 cxd4 12. cxd4 Nc6 13. Nxh7 Bf5 14. Ng5
Nxd4 15. Nc3 Rc8 16. Re1 Nc2 17. Ne6 Bxe6 18. Qxg6+ Bf7 19. Qxc2 Be5 20. g3 Qb6
21. Qa4+ Kd8 22. Qa3 Be6 23. Bg5 Rh7 24. Rad1 Ke8 25. Qa4+ Bd7 26. Qe4 Rf7 27.
Rd2 Bc6 28. Qg4 Rd8 29. Bh6 Rf6 30. Rxe5 Rxf2 31. Rxe7+ Kxe7 32. Rxf2 Qe3 33.
Bxe3 1-0

[Event "Olimpiade 2024 - Donne"]
[Site "Budapest"]
[Date "20.09.2024"]
[Round "9.50"]
[Board "1"]
[White "Mongeli, Sasha"]
[Black "De Blecourt, Sandra"]
[Result "1/2-1/2"]
[WhiteTitle "WFM"]
[BlackTitle "CM"]
[WhiteElo "1819"]
[BlackElo "2065"]
[WhiteTeam "Kenya"]
[BlackTeam "Denmark"]
[WhiteFideId "10809090"]
[BlackFideId "1004948"]
[EventDate "2024.09.11"]

1. e4 c5 2. Nf3 Nc6 3. d4 cxd4 4. Nxd4 Nf6 5. Nc3 e5 6. Nde2 Bc5 7. Ng3 d6 8.
Be2 a6 9. O-O Be6 10. Nd5 Nd4 11. Bg5 Bxd5 12. exd5 h6 13. Bxf6 Qxf6 14. Ne4 Qd8
15. Nxc5 dxc5 16. Bg4 O-O 17. a4 c4 18. Re1 Qg5 19. Ra3 Nxc2 20. Qxc2 Qxg4 21.
Rxe5 Rae8 22. Rae3 Rxe5 23. Rxe5 Qd4 24. Re4 Qxd5 25. Rxc4 Rd8 26. Rc8 g6 27. g3
Rxc8 28. Qxc8+ Kg7 29. Qc3+ Kh7 30. Qc2 h5 31. h4 Kg7 32. Qc3+ Kf8 33. a5 Ke7
34. Qc7+ Ke6 35. Qb6+ Kf5 36. Qb4 Qb5 37. Qf4+ Ke6 38. Qe4+ Kd6 39. Qd4+ Qd5 40.
Qb6+ Ke5 41. Qe3+ Kd6 42. Qb6+ Qc6 43. Qd4+ Ke6 44. Qe3+ Kd6 45. Qf4+ Ke6 46.
Qe3+ Kd6 1/2-1/2

[Event "Olimpiade 2024 - Donne"]
[Site "Budapest"]
[Date "20.09.2024"]
[Round "9.50"]
[Board "2"]
[White "Jakobsen, Shanne Hedegaard"]
[Black "Ndirangu, Nyaruai, Joyce"]
[Result "0-1"]
[BlackTitle "WCM"]
[WhiteElo "2002"]
[BlackElo "1782"]
[WhiteTeam "Denmark"]
[BlackTeam "Kenya"]
[WhiteFideId "1462296"]
[BlackFideId "10802886"]
[EventDate "2024.09.11"]

1. d4 Nf6 2. c4 g6 3. Nf3 Bg7 4. g3 c5 5. Bg2 O-O 6. O-O cxd4 7. Qxd4 Nc6 8. Qh4
Qb6 9. Nc3 Rd8 10. Nd5 Nxd5 11. cxd5 Nb4 12. Be3 Qd6 13. Ng5 h6 14. Ne4 Qxd5 15.
Nc5 Qh5 16. Qxb4 Qxe2 17. Na4 d6 18. Nc3 Qa6 19. Nd5 Rd7 20. Rfc1 Qe2 21. Nc3
Qh5 22. Qf4 Qe5 23. Qc4 e6 24. Bf4 Qa5 25. Rab1 d5 26. Qe2 d4 27. b4 Qd8 28. Ne4
e5 29. Bd2 Re7 30. Nc5 Rb8 31. g4 b6 32. Ne4 Be6 33. f4 f5 34. gxf5 gxf5 35. Ng3
e4 36. Nxe4 fxe4 37. Qxe4 Bxa2 38. Qd3 b5 39. Ra1 Bf7 40. Rc5 Rb6 41. f5 a6 42.
Rac1 Qd6 43. Rc6 Rxc6 44. Rxc6 Qe5 45. Rxa6 Bc4 46. Qf3 Rf7 47. Ra8+ Bf8 48.
Bxh6 Qxf5 49. Qg3+ Kh7 50. h3 Kxh6 51. Qh4+ Kg7 52. Qxd4+ Qf6 53. Qg4+ Qg6 54.
Qd4+ Kg8 0-1

[Event "Olimpiade 2024 - Donne"]
[Site "Budapest"]
[Date "20.09.2024"]
[Round "9.50"]
[Board "3"]
[White "Mutisya, Jully"]
[Black "Guindy, Esmat Susanne"]
[Result "0-1"]
[BlackTitle "WFM"]
[WhiteElo "1750"]
[BlackElo "2015"]
[WhiteTeam "Kenya"]
[BlackTeam "Denmark"]
[WhiteFideId "10814922"]
[BlackFideId "1401637"]
[EventDate "2024.09.11"]

1. d4 d5 2. Bf4 Bf5 3. e3 Nf6 4. c4 e6 5. Nc3 Bb4 6. Qb3 Nc6 7. a3 Bxc3+ 8. bxc3
Na5 9. Qb4 c6 10. Nf3 dxc4 11. Bxc4 Nxc4 12. Qxc4 Nd5 13. O-O Nxf4 14. exf4 O-O
15. Qe2 Qa5 16. Qb2 b6 17. Ne5 Rac8 18. Qb4 Qd5 19. Rfe1 Rfe8 20. Rad1 f6 21.
Nc4 a5 22. Qb3 b5 23. Nxa5 Qxb3 24. Nxb3 Bc2 25. Nc5 Bxd1 26. Rxd1 Ra8 27. Ra1
Ra7 28. h3 Kf7 29. Nd3 Rea8 30. f5 exf5 31. Nb4 Rxa3 32. Rxa3 Rxa3 33. Nxc6 Rxc3
34. Na5 b4 35. Kf1 b3 36. Nxb3 Rxb3 37. Ke2 Ke6 38. f3 Kd5 39. Kf2 f4 40. Kg1
Rb2 41. Kh2 Kxd4 42. h4 Ke3 43. Kh3 h5 44. Kh2 Kf2 45. g4 fxg3+ 46. Kh3 Rb1 0-1

[Event "Olimpiade 2024 - Donne"]
[Site "Budapest"]
[Date "20.09.2024"]
[Round "9.50"]
[Board "4"]
[White "Durrfeld, Sofie Bech"]
[Black "Ingado, Mercy"]
[Result "1-0"]
[WhiteElo "1937"]
[BlackElo "1645"]
[WhiteTeam "Denmark"]
[BlackTeam "Kenya"]
[WhiteFideId "1451324"]
[BlackFideId "10806601"]
[EventDate "2024.09.11"]

1. e4 c5 2. Nc3 d6 3. d4 cxd4 4. Qxd4 Nc6 5. Qd2 g6 6. b3 Bg7 7. Bb2 Nf6 8.
O-O-O O-O 9. Kb1 a5 10. Bb5 Nd7 11. h4 Nc5 12. h5 Nd4 13. hxg6 fxg6 14. Bc4+ Be6
15. Bxe6+ Ndxe6 16. f3 a4 17. b4 a3 18. Ba1 Nf4 19. bxc5 Qa5 20. Nd5 Qb5+ 21.
Qb4 Qxb4+ 22. Nxb4 dxc5 23. Bxg7 Kxg7 24. Nd5 Nxg2 25. Nc7 1-0

[Event "Olimpiade 2024 - Donne"]
[Site "Budapest"]
[Date "20.09.2024"]
[Round "9.51"]
[Board "1"]
[White "Ghitza, Elena"]
[Black "Badenhorst, Chloe"]
[Result "1/2-1/2"]
[BlackTitle "WFM"]
[WhiteElo "1817"]
[BlackElo "1981"]
[WhiteTeam "Malta"]
[BlackTeam "South Africa"]
[WhiteFideId "5603315"]
[BlackFideId "14339463"]
[EventDate "2024.09.11"]

1. c4 e6 2. Nc3 d5 3. cxd5 exd5 4. d4 c6 5. Nf3 Bd6 6. Bg5 Ne7 7. e3 Qb6 8. Qd2
Bf5 9. Be2 O-O 10. O-O f6 11. Bh4 Bg6 12. Na4 Qd8 13. b4 Nf5 14. Nc5 Qe7 15. a3
Bh5 16. Bg3 Nxg3 17. hxg3 b6 18. Nb3 Nd7 19. Rfc1 Rfc8 20. Bd3 Bf7 21. Nh4 g6
22. Ba6 Rc7 23. b5 c5 24. dxc5 Nxc5 25. Nxc5 Bxc5 26. Nf3 Rd8 27. Nd4 Bxd4 28.
Rxc7 Qxc7 29. exd4 Re8 30. Rc1 Qd7 31. Qc3 Qg4 32. Bc8 Qe4 33. Bd7 Re7 34. Bc6
Kg7 35. a4 h5 36. Qd2 g5 37. Kf1 Bg6 38. Kg1 Bf7 39. Kf1 1/2-1/2